Mosaicos de conservación/ (Registro nro. 17633)
[ vista simple ]
| 000 -CABECERA | |
|---|---|
| Campo de control | 01371nam a22003137a 4500 |
| 005 - FECHA Y HORA DE LA ULTIMA TRANSACCION | |
| Campo de control | 20160808125133.0 |
| 008 - ELEMENTOS DE LONGITUD FIJA—INFORMACION GENERAL | |
| Campo de control | 150803b ck ||||| |||| 00| 0 spa d |
| 020 ## - ISBN | |
| ISBN | 9789589997925 |
| 040 ## - FUENTE DE CATALOGACIÓN | |
| Agencia catalogadora original | CO-BoIAVH |
| Agencia transcriptora | CO-BoIAVH |
| 041 0# - IDIOMA | |
| Código de idioma para texto/pista de sonido o título separado | Español |
| 044 ## - PAÍS DE PUBLICACIÓN | |
| País de publicación | Colombia |
| 082 #4 - NUMERO DE CLASIFICACION DECIMAL DEWEY | |
| Número de clasificación | 333.720601 |
| Número del ítem | S23m |
| 100 1# - ASIENTO PRINCIPAL--NOMBRE PERSONAL | |
| 9 (RLIN) | 1989 |
| Nombre personal | Santamaría, Marcela |
| Término relacionado | editora |
| 245 1# - MENCION DE TITULO | |
| Título | Mosaicos de conservación/ |
| Mención de responsabilidad | Marcela Santamaría, Ana Beatriz Barona,...[et al] |
| 260 3# - PUBLICACION, DISTRIBUCION, ETC. (PIE DE IMPRENTA) | |
| Lugar de publicación, distribución, etc. | Bogotá (Colomba): |
| Nombre del editor, distribuidor, etc. | Unión Gráfica, |
| Fecha de publicación, distribución, etc. | 2012. |
| 300 ## - DESCRIPCION FISICA | |
| Extensión | 412 p. |
| Otros detalles físicos | ilustraciones, fotografías, color, mapas. |
| Dimensiones | 22 cm. |
| 500 ## - NOTA GENERAL | |
| Nota general | Incluye anexos (Págs. 406-412). |
| 505 ## - NOTA DE CONTENIDO | |
| Nota de contenido | Cap. 1 Programa de mosaicos de conservación.<br/>Cap. 2 Paisaje y conservación.<br/>Cap. 3 Estrategias para el manejo de las áreas protegidas y el paisaje.<br/>Cap. 4 Acuerdos de manejo y producción sostenible en los mosaicos. |
| 650 #6 - ASIENTO SECUNDARIO DE MATERIA - TERMINO TEMATICO | |
| Término temático o nombre geográfico como elemento de entrada | Gestión Ambiental |
| Subdivisión geográfica | Colombia |
| 9 (RLIN) | 36365 |
| 650 #4 - ASIENTO SECUNDARIO DE MATERIA - TERMINO TEMATICO | |
| Término temático o nombre geográfico como elemento de entrada | Gestión Ambiental |
| Subdivisión general | Conservación |
| Subdivisión geográfica | Colombia |
| 9 (RLIN) | 36366 |
| 650 #6 - ASIENTO SECUNDARIO DE MATERIA - TERMINO TEMATICO | |
| Término temático o nombre geográfico como elemento de entrada | Restauración ecológica |
| Subdivisión general | Fauna |
| Subdivisión geográfica | Colombia |
| 9 (RLIN) | 36367 |
| 650 #6 - ASIENTO SECUNDARIO DE MATERIA - TERMINO TEMATICO | |
| Término temático o nombre geográfico como elemento de entrada | Restauración ecológica |
| Subdivisión general | Flora |
| Subdivisión geográfica | Colombia |
| 9 (RLIN) | 36368 |
| 700 1# - ASIENTO SECUNDARIO - NOMBRE PERSONAL | |
| Nombre personal | Barona, Ana Beatriz |
| Término de relación | editora |
| 9 (RLIN) | 36369 |
| 700 1# - ASIENTO SECUNDARIO - NOMBRE PERSONAL | |
| Nombre personal | Rey Cobos, Nadia |
| Término de relación | editora |
| 9 (RLIN) | 36370 |
| 700 1# - ASIENTO SECUNDARIO - NOMBRE PERSONAL | |
| Nombre personal | Orjuela, Mónica |
| Término de relación | editora |
| 9 (RLIN) | 4226 |
| 710 1# - ASIENTO SECUNDARIO - NOMBRE CORPORATIVO | |
| Nombre corporativo o de jurisdicción como elemento de entrada | Fondo de Patrimonio Cultural |
| 9 (RLIN) | 36371 |
| 700 1# - ASIENTO SECUNDARIO - NOMBRE PERSONAL | |
| 9 (RLIN) | 341 |
| Nombre personal | Chaves, María Elfi |
| Término de relación | editora |
| 942 ## - ELEMENTOS ADICIONALES (KOHA) | |
| Sistema de clasificación | Dewey Decimal Classification |
| Tipo de ítem | Libro |
| Withdrawn status | Lost status | Sistema de Clasificación | Damaged status | No para préstamo | Colección | Inventariado | Ubicación Permanente | Ubicación actual | Fecha de adquisición | Fuente de Valor | Valor | Total Checkouts | Número topográfico | Inventario / Código de Barras | Date last seen | Ejemplar | Price effective from | Forma de adquisición | Tipo de material |
|---|---|---|---|---|---|---|---|---|---|---|---|---|---|---|---|---|---|---|---|
| Dewey Decimal Classification | General | Inventariado 2017 | Bogotá | Bogotá | 03/08/2015 | Instituto | 39000.00 | LB-333.720601 S23m | 038785 | 03/08/2015 | Ej. 1 | 03/08/2015 | Libro | ||||||
| Dewey Decimal Classification | General | Inventariado 2017 | Sala Fabio Quevedo | Sala Fabio Quevedo | 26/09/2016 | Instituto | 39000.00 | LB-333.720601 S23m | 040726 | 26/09/2016 | Ej. 2 | 26/09/2016 | Donación | Libro |